Подробности
| 000 -МАРКЕР |
| контрольное поле |
01615nam0a2200277 4500 |
| 001 - ИДЕНТИФИКАТОР ЗАПИСИ |
| контрольное поле |
RU\NLR\BIBL_A\011446928 |
| 005 - ИДЕНТИФИКАТОР ВЕРСИИ |
| контрольное поле |
20260408072752.0 |
| 035 ## - ДРУГИЕ СИСТЕМНЫЕ НОМЕРА |
| Идентификатор записи |
(NLR Aleph) 011446928 |
| 100 ## - ДАННЫЕ ОБЩЕЙ ОБРАБОТКИ |
| Данные общей обработки |
20170801d2007 |||y0rusy50 ca |
| 101 0# - ЯЗЫК РЕСУРСА |
| Язык текста, звукозаписи и т.д. |
русский |
| 102 ## - СТРАНА ПУБЛИКАЦИИ ИЛИ ПРОИЗВОДСТВА |
| Страна публикации |
Российская Федерация |
| 105 ## - ПОЛЕ КОДИРОВАННЫХ ДАННЫХ: ТЕКСТОВЫЕ МАТЕРИАЛЫ, МОНОГРАФИЧЕСКИЕ |
| Кодированные данные о монографическом текстовом документе |
y z 000zy |
| 200 1# - ЗАГЛАВИЕ И СВЕДЕНИЯ ОБ ОТВЕТСТВЕННОСТИ |
| Основное заглавие |
Механизмы социализации детей и подростков в Зауралье в конце XX века материалы Центра культурно-антропологических исследований |
| Сведения, относящиеся к заглавию |
материалы Центра культурно-антропологических исследований [ШГПИ] |
| Первые сведения об ответственности |
составитель [и ответственный редактор]: С.Б. Борисов, [доктор культурологии, профессор] |
| 210 ## - ПУБЛИКАЦИЯ, РАСПРОСТРАНЕНИЕ И ДР. |
| Место издания, распространения и т.д. |
Шадринск |
| Имя издателя, распространителя и т. д. |
[б. и.] |
| Дата издания, распространения и т.д. |
2007 |
| 215 ## - ФИЗИЧЕСКАЯ ХАРАКТЕРИСТИКА |
| Специфическое обозначение материала и объем |
56 с. |
| Размеры |
21 |
| 606 1# - НАИМЕНОВАНИЕ ТЕМЫ КАК ПРЕДМЕТ |
| Наименование темы |
Детские игры |
| Тематический подзаголовок |
История |
| Географический подзаголовок |
Зауралье |
| Хронологический подзаголовок |
20 в. |
| Системный номер авторитетной/нормативной записи |
2339576 |
| Идентификатор авторитетной/нормативной записи |
RU\NLR\AUTH\6601622139 |
| 686 1# - ИНДЕКСЫ ДРУГИХ КЛАССИФИКАЦИЙ |
| Индекс |
Ч421.382.59 |
| 686 1# - ИНДЕКСЫ ДРУГИХ КЛАССИФИКАЦИЙ |
| Индекс |
Ч411.37 |
| 686 1# - ИНДЕКСЫ ДРУГИХ КЛАССИФИКАЦИЙ |
| Индекс |
Ч491.847 |
| 702 #1 - ИМЯ ЛИЦА - ВТОРИЧНАЯ ОТВЕТСТВЕННОСТЬ |
| Код отношения |
Составитель |
| Материалы, к которым относится поле |
rus |
| Графика поля |
Кириллица |
| Начальный элемент ввода |
Борисов |
| Часть имени, кроме начального элемента ввода |
С. Б. |
| Дополнения к именам, кроме дат |
д-р культурологии, писатель |
| Даты |
1963- |
| Расширение инициалов личного имени |
Сергей Борисович |
| Идентификатор авторитетной/нормативной записи |
RU\NLR\AUTH\7722193 |
| Системный номер авторитетной/нормативной записи |
5252 |
| 711 02 - НАИМЕНОВАНИЕ ОРГАНИЗАЦИИ - АЛЬТЕРНАТИВНАЯ ОТВЕТСТВЕННОСТЬ |
| Начальный элемент ввода |
Шадринский государственный педагогический институт |
| Структурное подразделение |
Центр культурно-антропологических исследований |
| Идентификатор авторитетной/нормативной записи |
RU\NLR\AUTH\8810215482 |
| Системный номер авторитетной/нормативной записи |
317180 |
| 942 ## - ДОПОЛНИТЕЛЬНЫЕ ЭЛЕМЕНТЫ ЗАПИСИ (АБИС) |
| Тип экземпляра АБИС |
Книга |
| 980 ## - КОЛЛЕКЦИЯ |
| Название коллекции |
Национальная библиография |